| 000 -CABECERA |
| campo de control de longitud fija |
00899nkm a2200229 a 4500 |
| 001 - NÚMERO DE CONTROL |
| campo de control |
000056625 |
| 005 - FECHA Y HORA DE LA ÚLTIMA TRANSACCIÓN |
| campo de control |
20200120223305.0 |
| 007 - CAMPO FIJO DE DESCRIPCIÓN FÍSICA--INFORMACIÓN GENERAL |
| campo de control de longitud fija |
vducgaiz |
| 008 - DATOS DE LONGITUD FIJA--INFORMACIÓN GENERAL |
| campo de control de longitud fija |
130618m2005 mdunnn fs00 kneng d |
| 020 ## - NÚMERO INTERNACIONAL ESTÁNDAR DEL LIBRO |
| Número Internacional Estándar del Libro |
9588176174 |
| 041 ## - CÓDIGO DE LENGUA |
| Código de lengua del texto/banda sonora o título independiente |
eng |
| 082 ## - NÚMERO DE LA CLASIFICACIÓN DECIMAL DEWEY |
| Número de clasificación |
428 |
| Número de documento/Ítem |
A67 |
| 245 10 - MENCIÓN DE TÍTULO |
| Título |
Aprende inglés jugando. |
| 260 ## - PUBLICACIÓN, DISTRIBUCIÓN, ETC. |
| Lugar de publicación, distribución, etc. |
Bogotá : |
| Nombre del editor, distribuidor, etc. |
M.S.T.V. & Video, |
| Fecha de publicación, distribución, etc. |
2005. |
| 300 ## - DESCRIPCIÓN FÍSICA |
| Extensión |
1 DVD (ca 84 min) : |
| Otras características físicas |
son., col. ; |
| Dimensiones |
12 cm. |
| 520 ## - SUMARIO, ETC. |
| Sumario, etc. |
En nuestros días se torna imprescindible el dominio del idioma inglés para una correcta formación de nuestros hijos. Lo aprendido en la niñez en forma espontánea y divertida, jamás se olvida. Porque aprender también puede ser divertido. |
| 546 ## - NOTA DE LENGUA/LENGUAJE |
| Nota de lengua/lenguaje |
Español. |
| 650 14 - PUNTO DE ACCESO ADICIONAL DE MATERIA--TÉRMINO DE MATERIA |
| Término de materia o nombre geográfico como elemento de entrada |
Inglés |
| Subdivisión general |
Enseñanza preescolar |
| Subdivisión de forma |
Videodiscos. |
| 650 24 - PUNTO DE ACCESO ADICIONAL DE MATERIA--TÉRMINO DE MATERIA |
| Término de materia o nombre geográfico como elemento de entrada |
Inglés básico |
| Subdivisión de forma |
Videodiscos. |
| 650 24 - PUNTO DE ACCESO ADICIONAL DE MATERIA--TÉRMINO DE MATERIA |
| Término de materia o nombre geográfico como elemento de entrada |
Inglés básico |
| Subdivisión de forma |
Guías |
| -- |
Videodiscos. |
| 650 24 - PUNTO DE ACCESO ADICIONAL DE MATERIA--TÉRMINO DE MATERIA |
| Término de materia o nombre geográfico como elemento de entrada |
Inglés |
| -- |
gramática |
| Subdivisión de forma |
Videodiscos. |